PLAY FUN N LEARN (Record no. 19977)

MARC details
000 -LEADER
fixed length control field 00235nam a22001217a 4500
003 - CONTROL NUMBER IDENTIFIER
control field SGT
082 ## - DEWEY DECIMAL CLASSIFICATION NUMBER
Item number GRO
100 ## - MAIN ENTRY--PERSONAL NAME
Personal name GROVER, USHA
245 ## - TITLE STATEMENT
Title PLAY FUN N LEARN
260 ## - PUBLICATION, DISTRIBUTION, ETC. (IMPRINT)
Place of publication, distribution, etc DELHI
Name of publisher, distributor, etc NIMH
Year of Publication 2000
300 ## - PAGE DESCRIPTION
No. of Pages 100
942 ## - ADDED ENTRY ELEMENTS (KOHA)
Source of classification or shelving scheme Dewey Decimal Classification
Koha item type Books
Holdings
Withdrawn status Lost status Source of classification or shelving scheme Damaged status Not for loan Collection code Home library Current library Shelving location Date acquired SGTU Full call number Accession No. (Barcode) Date last seen Bill Date Koha item type
    Dewey Decimal Classification     EDUCATION SGT Engineering Library SGT Engineering Library Text Book 06/05/2020 SGTU GRO ED4717 06/05/2020 06/05/2020 Books
    Dewey Decimal Classification     EDUCATION SGT Engineering Library SGT Engineering Library   06/05/2020 SGTU GRO ED4745 06/05/2020 06/05/2020 Books